000 00781nam a22002057a 4500
005 20100802153815.0
010 _aENG-97649
020 _a8186762302
_c300.00
020 _a9788186762301
_c300.00
037 _bDBAD/PUB
082 _a303.625
100 _aGulam Mohammand Dar
_94465
245 _aTerrorism mass and public opinion /
_c by Gulam Mohammand Dar
260 _aNew Delhi
_bDilpreet Publishing House
_c2009
270 _a4393/4A, First Floor, Ansari Road, Darya Ganj
_bNew Delhi
_e110002
300 _aix,118
_c22cm (Hb)
500 _aIncludes bibliographical refrences
942 _2ddc
_cEN
_h303.625
_mGUL
999 _c38759
_d38759